[Event "Pfaeffikon Acrevis op 2nd"]
[Site "Pfaeffikon"]
[Date "2022.07.29"]
[Round "2"]
[White "Wunderlin, Thomas"]
[Black "Duc, Jeremy"]
[Result "1-0"]
[WhiteElo "1802"]
[BlackElo "1544"]
[PlyCount "59"]
[EventDate "2022.07.28"]
[EventType "swiss"]
[EventRounds "6"]
[EventCountry "SUI"]
[SourceTitle "EXT 2023"]
[Source "ChessBase"]
[SourceDate "2022.10.05"]
[SourceVersion "1"]
[SourceVersionDate "2022.10.05"]
[SourceQuality "1"]

1. d4 d5 2. e3 Nf6 3. Bd3 c5 4. c3 Nc6 5. Nd2 e5 6. Ne2 Bd6 7. 0-0 h5 8. f4 Ng4 9. Nb1 exf4 10. exf4 Qe7 11. Bb5 Bf5 12. Bxc6+ bxc6 13. h3 Ne3 14. Bxe3 Qxe3+ 15. Rf2 g5 16. Qd2 cxd4 17. cxd4 Qxd2 18. Nxd2 gxf4 19. Nxf4 Bxf4 20. Rxf4 Be6 21. Rc1 Rb8 22. Nb3 Rg8 23. Rf2 Kd7 24. Nc5+ Kd6 25. b3 Rbf8 26. Rc3 Bc8 27. Rcf3 Re8 28. Nd3 Rg5 29. Ne5 Rf8 30. Nxf7+ 1-0

[Event "Davos op 20th"]
[Site "Davos"]
[Date "2021.06.12"]
[Round "3"]
[White "Duc, Jeremy"]
[Black "Matei, Robert"]
[Result "1/2-1/2"]
[WhiteElo "1463"]
[BlackElo "1726"]
[PlyCount "153"]
[EventDate "2021.06.11"]
[EventType "swiss"]
[EventRounds "5"]
[EventCountry "SUI"]
[SourceTitle "CBM 203 Extra"]
[Source "ChessBase"]
[SourceDate "2021.09.30"]
[SourceVersion "1"]
[SourceVersionDate "2021.09.30"]
[SourceQuality "1"]

1. d4 Nf6 2. c4 g6 3. Nf3 Bg7 4. Nc3 d6 5. e4 0-0 6. Bd3 Nbd7 7. 0-0 e5 8. dxe5 dxe5 9. Bg5 c6 10. Qd2 Re8 11. Rad1 Qc7 12. h3 Nc5 13. b4 Ne6 14. Bh6 Bh8 15. Ne2 Nh5 16. Rb1 Nef4 17. Rfd1 Be6 18. Qc2 Rad8 19. Bxf4 exf4 20. Nc3 h6 21. a4 g5 22. Be2 Nf6 23. Rxd8 Rxd8 24. Rd1 Nd7 25. Nd4 Nf8 26. Nxe6 Nxe6 27. Rxd8+ Qxd8 28. Bg4 Nd4 29. Qd1 Qe7 30. Qb1 Be5 31. Ne2 Kg7 32. Nxd4 Bxd4 33. Kf1 Bc3 34. c5 b6 35. Qb3 Bd4 36. cxb6 axb6 37. Qc4 Qxe4 38. Bf3 Qb1+ 39. Ke2 Qb2+ 40. Kd3 c5 41. bxc5 bxc5 42. Bh5 Qb1+ 43. Ke2 Qe4+ 44. Kd1 Qe6 45. Qxe6 fxe6 46. Ke2 c4 47. Bg4 Kf6 48. f3 Bb6 49. Bh5 Ke5 50. Bg6 Kd4 51. Kd2 Ba5+ 52. Ke2 Kc3 53. Kd1 Kb3 54. Bc2+ Kb4 55. Ke2 Kc3 56. Kd1 Kd4 57. Ke2 e5 58. Be4 Kc5 59. Kd1 Kb4 60. Bc2 Bb6 61. Ke2 Be3 62. Kd1 Kc3 63. Bb1 Kb2 64. Bc2 Bc5 65. Kd2 Bb4+ 66. Kd1 Kc3 67. Bb1 Kd4 68. Ke2 Kd5 69. Ba2 Kc5 70. Bb1 Kd4 71. Bc2 h5 72. Be4 g4 73. Bb1 gxh3 74. gxh3 Ba5 75. Be4 c3 76. Bc2 Bb4 77. Bd3 1/2-1/2